| 000 | 00527nam a22002057a 4500 | ||
|---|---|---|---|
| 003 | OSt | ||
| 005 | 20190329113148.0 | ||
| 008 | 190329b xxu||||| |||| 00| 0 ara d | ||
| 040 | _aLB-BrCRDP | ||
| 082 | _a801 A123f | ||
| 100 | _4إحسان عباس | ||
| 245 | _aفن الشعر | ||
| 250 | _aالطبعة الثالثة | ||
| 260 |
_aبيروت _bدار الثقافة _c1996 |
||
| 300 |
_aص284 _cسم20 |
||
| 630 | _a Poetry -- History and criticism | ||
| 630 | _a Criticism | ||
| 630 | _aPoetry. | ||
| 942 |
_2ddc _cBK |
||
| 999 |
_c22729 _d22729 |
||